000 00410nam a2200157Ia 4500
008 210210b1976 xxu||||| |||| 00| 0 eng d
020 _a0 201 03777 7
082 _a540 KNEC
100 _aKNEEN (W R) & others.
245 _aChemistry: facts patterns and principles.
260 _aLondon
_bELBS
_c1976
300 _axii,861
650 _aChemistry Facts Patterns
690 _aChemistry
906 _aCC00191
999 _c109012
_d109012